<?xml version="1.0" encoding="UTF-8"?>
<record
    xmlns:xsi="http://www.w3.org/2001/XMLSchema-instance"
    xsi:schemaLocation="http://www.loc.gov/MARC21/slim http://www.loc.gov/standards/marcxml/schema/MARC21slim.xsd"
    xmlns="http://www.loc.gov/MARC21/slim">

  <leader>01385nam a2200265 i 4500</leader>
  <controlfield tag="003">DO-SdBNP</controlfield>
  <controlfield tag="005">20240711092816.0</controlfield>
  <controlfield tag="007">ta</controlfield>
  <controlfield tag="008">240711s1982    dr            001 0 spa d</controlfield>
  <datafield tag="020" ind1=" " ind2=" ">
    <subfield code="a">0852004613</subfield>
  </datafield>
  <datafield tag="040" ind1=" " ind2=" ">
    <subfield code="a">DO-SdBNP</subfield>
    <subfield code="b">spa</subfield>
    <subfield code="c">BNPHU</subfield>
    <subfield code="e">rda</subfield>
  </datafield>
  <datafield tag="082" ind1=" " ind2=" ">
    <subfield code="b">F452</subfield>
    <subfield code="2">22</subfield>
  </datafield>
  <datafield tag="245" ind1="1" ind2="0">
    <subfield code="a">La fiebre reum&#xE1;tica :</subfield>
    <subfield code="b">c&#xF3;mo reconocerla, prevenirla y curarla /</subfield>
    <subfield code="c">Angelo Taranta, Milton Markowitz ; traductor P. Aguialar</subfield>
  </datafield>
  <datafield tag="264" ind1=" " ind2="1">
    <subfield code="a">Boston, Lancaster :</subfield>
    <subfield code="b">MTP Press Limited,</subfield>
    <subfield code="c">1982.</subfield>
  </datafield>
  <datafield tag="300" ind1=" " ind2=" ">
    <subfield code="a">105 p&#xE1;ginas,  </subfield>
    <subfield code="c">22 cm.</subfield>
  </datafield>
  <datafield tag="336" ind1=" " ind2=" ">
    <subfield code="2">rdacontent</subfield>
    <subfield code="a">texto</subfield>
    <subfield code="b">txt</subfield>
  </datafield>
  <datafield tag="337" ind1=" " ind2=" ">
    <subfield code="2">rdamedia</subfield>
    <subfield code="a">sin mediaci&#xF3;n </subfield>
    <subfield code="b">n</subfield>
  </datafield>
  <datafield tag="338" ind1=" " ind2=" ">
    <subfield code="2">rdacarrier</subfield>
    <subfield code="a">volumen</subfield>
    <subfield code="b">nc</subfield>
  </datafield>
  <datafield tag="505" ind1=" " ind2=" ">
    <subfield code="a">Pr&#xF3;logo 7 -- Introducci&#xF3;n 9 -- Definici&#xF3;n, breve historia e importancia 11 -- Etiolog&#xED;a, patogenia, patolog&#xED;a 18 -- Manifestaciones cl&#xED;nicas 30 -- Pruebas de laboratorio 43 -- Diagn&#xF3;stico 47 -- Diagn&#xF3;stico diferencial 53 -- Tratamiento 63 -- Secuelas de la fiebre reum&#xE1;tica 70 -- Recidivas reum&#xE1;ticas 76 -- Prevenci&#xF3;n de ataques recurrentes 81 -- Prevenci&#xF3;n de los primeros ataques de fiebre reum&#xE1;tica 90 -- Funci&#xF3;n del personal no m&#xE9;dico en los programas de prevenci&#xF3;n de la fiebre reum&#xE1;tica 97 -- Fuentes seleccionadas 101 -- &#xCD;ndice 103</subfield>
  </datafield>
  <datafield tag="590" ind1=" " ind2=" ">
    <subfield code="a">Inventariado, 2024/ DG</subfield>
  </datafield>
  <datafield tag="700" ind1=" " ind2=" ">
    <subfield code="a">Markowitz, Milton</subfield>
    <subfield code="e">autor</subfield>
    <subfield code="9">85934</subfield>
  </datafield>
  <datafield tag="700" ind1=" " ind2=" ">
    <subfield code="a">Aguilar, P.</subfield>
    <subfield code="e">traductor</subfield>
    <subfield code="9">86038</subfield>
  </datafield>
  <datafield tag="910" ind1=" " ind2=" ">
    <subfield code="a">DG</subfield>
  </datafield>
  <datafield tag="942" ind1=" " ind2=" ">
    <subfield code="2">ddc</subfield>
    <subfield code="c">LBS1</subfield>
  </datafield>
  <datafield tag="952" ind1=" " ind2=" ">
    <subfield code="0">0</subfield>
    <subfield code="1">0</subfield>
    <subfield code="2">ddc</subfield>
    <subfield code="5">6</subfield>
    <subfield code="7">0</subfield>
    <subfield code="8">GR</subfield>
    <subfield code="a">BNPHU</subfield>
    <subfield code="b">BNPHU</subfield>
    <subfield code="c">CT</subfield>
    <subfield code="d">2024-07-11</subfield>
    <subfield code="e">donaci&#xF3;n</subfield>
    <subfield code="l">0</subfield>
    <subfield code="o">BNPHU GR F452</subfield>
    <subfield code="p">2024-4331</subfield>
    <subfield code="r">2024-07-11</subfield>
    <subfield code="w">2024-07-11</subfield>
    <subfield code="y">LBS1</subfield>
  </datafield>
  <datafield tag="999" ind1=" " ind2=" ">
    <subfield code="c">57250</subfield>
    <subfield code="d">57250</subfield>
  </datafield>
</record>
